Receiving tube substitution guide book. (Record no. 546127)
[ view plain ]
| 000 -LEADER | |
|---|---|
| fixed length control field | 00607cam a2200181u 4500 |
| 082 ## - DEWEY DECIMAL CLASSIFICATION NUMBER | |
| Classification number | 621.381512 |
| Author Mark | MID |
| -- | L-11, P-33. |
| 100 1# - MAIN ENTRY--PERSONAL NAME | |
| Personal name | Middleton, Herman Arnold. [from old catalog] |
| 9 (RLIN) | 42197 |
| 245 10 - TITLE STATEMENT | |
| Title | Receiving tube substitution guide book. |
| 260 ## - PUBLICATION, DISTRIBUTION, ETC. | |
| Place of publication, distribution, etc. | New York, |
| Name of publisher, distributor, etc. | J. F. Rider |
| Date of publication, distribution, etc. | [1950] |
| 300 ## - PHYSICAL DESCRIPTION | |
| Extent | 343 p. |
| Other physical details | illus. |
| Dimensions | 28 cm. |
| 526 ## - STUDY PROGRAM INFORMATION NOTE | |
| Program name | 0 |
| Interest level | 0 |
| Reading level | 0 |
| Title point value | 621_381512000000000_MID |
| 526 ## - STUDY PROGRAM INFORMATION NOTE | |
| Program name | 0 |
| Interest level | 0 |
| Reading level | 0 |
| Title point value | 621_381512000000000_MID |
| 526 ## - STUDY PROGRAM INFORMATION NOTE | |
| Program name | 0 |
| Interest level | 0 |
| Reading level | 0 |
| Title point value | 621_381512000000000_MID |
| 650 #0 - SUBJECT ADDED ENTRY--TOPICAL TERM | |
| Topical term or geographic name entry element | MCE |
| 9 (RLIN) | 379 |
| 650 #0 - SUBJECT ADDED ENTRY--TOPICAL TERM | |
| Topical term or geographic name entry element | Television |
| General subdivision | Picture tubes. [from old catalog] |
| 9 (RLIN) | 42198 |
| 650 #0 - SUBJECT ADDED ENTRY--TOPICAL TERM | |
| Topical term or geographic name entry element | Vacuum-tubes. |
| 942 ## - ADDED ENTRY ELEMENTS (KOHA) | |
| Source of classification or shelving scheme | |
| Koha item type | Book |
| Withdrawn status | Lost status | Source of classification or shelving scheme | Damaged status | Not for loan | Permanent Location | Current Location | Date acquired | Total Checkouts | Full call number | Barcode | Date last seen | Price effective from | Koha item type | Public note |
|---|---|---|---|---|---|---|---|---|---|---|---|---|---|---|
| Military College of Engineering (MCE) | Military College of Engineering (MCE) | 06/03/2014 | 621.381512 MID | MCE-810 | 06/03/2014 | 03/14/2021 | Book | Suplement | ||||||
| Military College of Engineering (MCE) | Military College of Engineering (MCE) | 06/03/2014 | 621.381512 MID | MCE-33448 | 06/03/2014 | 03/14/2021 | Book | Suplement | ||||||
| Military College of Engineering (MCE) | Military College of Engineering (MCE) | 06/03/2014 | 621.381512 MID | MCE-809 | 06/03/2014 | 03/14/2021 | Book | Suplement |
